000 01124nam a2200301 a 4500
001 57187
003 BD-RjUL
005 20211209080458.0
008 161206s1966 nyu b 000 0 eng u
035 _a(BD-RjUL)57311
040 _cMLL
_dm.c.
_dRCD
_aBD-RjUL
_beng
041 _aeng
082 _223
_a657.95
_bBLI 1966
090 _aHF5635
_b.A513 no.9
099 _aHF5635.A513 no.9
100 1 _aBlack, Homer A.,
_d1923-
_9166082
245 1 0 _aInterperiod allocation of corporate income taxes /
_c Homer A Black; American Institute of Certified Public Accountants. Accounting Research Division
260 _aNew York :
_bAmerican Institute of Certified Public Accountants,
_cc1966
300 _a123 p. ;
_c22 cm.
490 1 _aAmerican Institute of Certified Public Accountants. Accounting research study,
_vno. 9
504 _aBibliography: p. 121-123.
650 0 _aCorporations
_xTaxation
_zUnited States.
_9169846
650 0 _aCorporations
_zUnited States
_xAccounting.
_9169847
830 0 _aAccounting research study ;
_vno. 9.
_9169848
942 _2ddc
_cBK
949 _aMYGD
_aMYGD
999 _c57187
_d57187